Statistics for Greatest footballers per country

Click here to take the quiz!

General Stats

  • This quiz has been taken 82 times
  • The average score is 25 of 36

Answer Stats

CountryHintPlayer% Correct
PortugalChampions LeagueCristiano Ronaldo
100%
ArgentinaHand of GodDiego Maradona
99%
ArgentinaFC BarcelonaLionel Messi
99%
BrazilPSVRonaldo
99%
GermanyStrikerGerd Müller
93%
ItalyGoalkeeperGianluigi Buffon
90%
BelgiumBest player of WC '18Eden Hazard
87%
BrazilSantosPelé
87%
FranceArsenalThierry Henry
87%
NetherlandsTotal footballJohan Cruyff
86%
BelgiumTop assisterKevin de Bruyne
86%
PortugalBenficaEusebio
83%
GermanyMost World Cup goalsMiroslav Klose
83%
Italy5x UCLPaolo Maldini
80%
FranceBest goal in UCL finalZinedine Zidane
78%
BrazilDribblerRonaldinho
77%
SpainWorld CupAndres Iniesta
75%
Russia/SovietKeeper with the hatLev Yashin
75%
UKAlcohol & womenGeorge Best
70%
UKManchester UnitedWayne Rooney
68%
USALA GalaxyLandon Donovan
67%
FranceUEFAMichel Platini
67%
GermanyBayern MünchenFranz Beckenbauer
65%
NetherlandsAC MilanMarco van Basten
65%
UK1966Bobby Moore
59%
PortugalMost capsLuis Figo
58%
Russia/SovietArsenalAndrei Arshavin
57%
NetherlandsBallon d'orRuud Gullit
57%
USASeattle SoundersClint Dempsey
54%
SpainReal MadridAlfredo Di Stéfano
49%
SpainRockCarlos Puyol
48%
ItalyAC MilanFranco Baresi
43%
ArgentinaCopa AmericaGabriel Batistuta
30%
Russia/SovietCSKA MoscowIgor Akinfeev
25%
USAMidfielderClaudio Reyna
7%
BelgiumPolle GazonPaul van Himst
6%

Score Distribution

Percentile by Number Answered

Percent of People with Each Score

Your Score History

You have not taken this quiz